[Event "OP-2012-0-02557"]
[Site "LSS email"]
[Date "2012.12.23"]
[Round "?"]
[White "Vontina, Maria"]
[Black "Lattouf, Sigfrido"]
[Result "1-0"]
[WhiteElo "621"]
[BlackElo "1602"]
[PlyCount "27"]
[EventDate "2012.12.20"]
[EventType "tourn (corr)"]
[EventRounds "4"]
[EventCountry "GER"]
[SourceTitle "Corr 2015"]
[Source "ChessBase"]
[SourceDate "2015.07.17"]
[SourceVersion "1"]
[SourceVersionDate "2015.07.17"]
[SourceQuality "1"]

1. e4 d5 2. exd5 Qxd5 3. Nc3 Qd6 4. Nf3 Nf6 5. Bc4 a6 6. 0-0 Bg4 7. Be2 Nc6 8. d3 e6 9. Bg5 h6 10. Bh4 Qf4 11. Bg3 Qb4 12. Rb1 Bd6 13. Bxd6 cxd6 14. Re1 1-0

[Event "RB-2012-0-00198"]
[Site "LSS email"]
[Date "2012.12.15"]
[Round "?"]
[White "Husemann, Andreas"]
[Black "Lattouf, Sigfrido"]
[Result "1-0"]
[WhiteElo "2050"]
[BlackElo "1601"]
[PlyCount "81"]
[EventDate "2012.11.22"]
[EventType "tourn (corr)"]
[EventRounds "6"]
[EventCountry "GER"]
[SourceTitle "Telechess CBM 159"]
[Source "ChessBase"]
[SourceDate "2014.03.17"]
[SourceVersion "1"]
[SourceVersionDate "2014.03.17"]
[SourceQuality "1"]

1. d4 Nf6 2. c4 e6 3. Nc3 Bb4 4. Qc2 0-0 5. a3 Bxc3+ 6. Qxc3 b6 7. Bg5 Bb7 8. f3 d5 9. e3 Nbd7 10. cxd5 exd5 11. Bd3 Re8 12. Ne2 c5 13. Bb5 Re6 14. dxc5 bxc5 15. Bxd7 Qxd7 16. Qxc5 Rc8 17. Qxa7 Ba6 18. Qxd7 Nxd7 19. Rc1 Nc5 20. Kd1 Bc4 21. Nd4 Rb6 22. Rc2 Ne6 23. Nxe6 Bb3 24. Nd4 Bxc2+ 25. Nxc2 Rxb2 26. Ne1 Rcb8 27. Bf4 Rb1+ 28. Ke2 R8b2+ 29. Kd3 Ra2 30. Kc3 f6 31. Bd6 Raa1 32. Kd2 Rb2+ 33. Kd3 Rd1+ 34. Kc3 Re2 35. Bg3 Rxe3+ 36. Kc2 Rd4 37. Bd6 Re2+ 38. Kc1 Rdd2 39. Bb4 Ra2 40. Kb1 Reb2+ 41. Kc1 1-0

[Event "RA-2012-0-00251"]
[Site "LSS email"]
[Date "2012.12.15"]
[Round "?"]
[White "Kudr, Roman"]
[Black "Lattouf, Sigfrido"]
[Result "1-0"]
[WhiteElo "2102"]
[BlackElo "1608"]
[PlyCount "47"]
[EventDate "2012.11.08"]
[EventType "tourn (corr)"]
[EventRounds "6"]
[EventCountry "GER"]
[SourceTitle "Telechess CBM 159"]
[Source "ChessBase"]
[SourceDate "2014.03.17"]
[SourceVersion "1"]
[SourceVersionDate "2014.03.17"]
[SourceQuality "1"]

1. Nf3 d5 2. d4 c6 3. e3 Bg4 4. c4 Nf6 5. h3 Bxf3 6. Qxf3 e6 7. Nc3 Nbd7 8. Bd3 Bb4 9. 0-0 0-0 10. a3 Ba5 11. cxd5 exd5 12. b4 Bc7 13. b5 Qe7 14. Rd1 Qd6 15. g3 Qe7 16. Bd2 g6 17. Re1 Qe6 18. e4 Qxh3 19. Bf1 dxe4 20. Nxe4 Qf5 21. Qxf5 gxf5 22. Nxf6+ Nxf6 23. bxc6 bxc6 24. Rac1 1-0

[Event "RB-2012-0-00198"]
[Site "LSS email"]
[Date "2012.12.15"]
[Round "?"]
[White "Lattouf, Sigfrido"]
[Black "Velmarin, Jose"]
[Result "0-1"]
[WhiteElo "1601"]
[BlackElo "1752"]
[PlyCount "52"]
[EventDate "2012.11.22"]
[EventType "tourn (corr)"]
[EventRounds "6"]
[EventCountry "GER"]
[SourceTitle "Telechess CBM 159"]
[Source "ChessBase"]
[SourceDate "2014.03.17"]
[SourceVersion "1"]
[SourceVersionDate "2014.03.17"]
[SourceQuality "1"]

1. b4 Nf6 2. Nf3 e5 3. Nxe5 Bxb4 4. e3 0-0 5. Bb2 d5 6. c4 Be6 7. Qc2 Nc6 8. Nxc6 bxc6 9. Be2 Rb8 10. 0-0 Re8 11. cxd5 cxd5 12. a4 g6 13. Nc3 c5 14. Na2 Ba5 15. Bb5 Nd7 16. d3 Bf5 17. Bc3 Bc7 18. Rfe1 Qe7 19. e4 dxe4 20. dxe4 Be6 21. Rab1 Red8 22. Nc1 Ne5 23. Bxe5 Bxe5 24. Nd3 Bd4 25. Nf4 Bg4 26. g3 Qf6 0-1

[Event "RB-2012-0-00198"]
[Site "LSS email"]
[Date "2012.12.15"]
[Round "?"]
[White "Sikorski, Roman"]
[Black "Lattouf, Sigfrido"]
[Result "1-0"]
[WhiteElo "1880"]
[BlackElo "1601"]
[PlyCount "61"]
[EventDate "2012.11.22"]
[EventType "tourn (corr)"]
[EventRounds "6"]
[EventCountry "GER"]
[SourceTitle "Telechess CBM 159"]
[Source "ChessBase"]
[SourceDate "2014.03.17"]
[SourceVersion "1"]
[SourceVersionDate "2014.03.17"]
[SourceQuality "1"]

1. e4 c5 2. Nf3 d6 3. d4 cxd4 4. Nxd4 Nf6 5. Nc3 a6 6. Be3 e5 7. Nb3 Be6 8. f3 Nbd7 9. Qd2 Be7 10. g4 0-0 11. 0-0-0 b5 12. g5 b4 13. Ne2 Ne8 14. h4 a5 15. Kb1 Nb6 16. Ng3 Qc7 17. Nf5 Nc8 18. Qd3 a4 19. Nd2 Bd8 20. Nc4 Qb7 21. h5 Bc7 22. Be2 Rb8 23. Rhg1 b3 24. cxb3 axb3 25. a3 Ra8 26. Rc1 Kh8 27. Bd2 f6 28. Bb4 Rb8 29. Qd2 Bb6 30. Nxb6 Qxb6 31. f4 1-0

[Event "ZH-2012-0-00924"]
[Site "LSS email"]
[Date "2012.11.13"]
[Round "?"]
[White "Jandek, Stefan"]
[Black "Lattouf, Sigfrido"]
[Result "1-0"]
[WhiteElo "2343"]
[BlackElo "1602"]
[PlyCount "65"]
[EventDate "2012.11.10"]
[EventType "match (corr)"]
[EventRounds "2"]
[EventCountry "GER"]
[SourceTitle "Telechess CBM 159"]
[Source "ChessBase"]
[SourceDate "2014.03.17"]
[SourceVersion "1"]
[SourceVersionDate "2014.03.17"]
[SourceQuality "1"]

1. e4 e6 2. d4 d5 3. Nc3 Bb4 4. e5 Ne7 5. a3 Bxc3+ 6. bxc3 c5 7. Qg4 0-0 8. Bd3 f5 9. exf6 Rxf6 10. Bg5 Rf7 11. Qh5 g6 12. Qd1 Qa5 13. Bd2 Nbc6 14. Nf3 Qc7 15. dxc5 e5 16. Ng5 Rf8 17. c4 e4 18. cxd5 exd3 19. d6 Qd7 20. dxe7 Qxe7+ 21. Be3 h6 22. Nf3 Qf6 23. 0-0 Bg4 24. cxd3 Qe6 25. Rb1 Bxf3 26. gxf3 Rf7 27. Re1 Qd5 28. f4 Rd8 29. Qg4 h5 30. Qg5 Qxd3 31. h3 Rd5 32. Qg2 Rfd7 33. Red1 1-0

[Event "ZH-2012-0-00924"]
[Site "LSS email"]
[Date "2012.11.13"]
[Round "?"]
[White "Lattouf, Sigfrido"]
[Black "Jandek, Stefan"]
[Result "0-1"]
[WhiteElo "1602"]
[BlackElo "2343"]
[PlyCount "62"]
[EventDate "2012.11.10"]
[EventType "match (corr)"]
[EventRounds "2"]
[EventCountry "GER"]
[SourceTitle "Telechess CBM 159"]
[Source "ChessBase"]
[SourceDate "2014.03.17"]
[SourceVersion "1"]
[SourceVersionDate "2014.03.17"]
[SourceQuality "1"]

1. b4 e5 2. b5 d5 3. Bb2 Nd7 4. e3 Ngf6 5. c4 Bd6 6. cxd5 Nxd5 7. Nc3 Nxc3 8. Bxc3 0-0 9. Qc2 Qe7 10. h3 Nc5 11. Bb4 g6 12. Bxc5 Bxc5 13. Bc4 Bf5 14. e4 Bd7 15. Nf3 a6 16. bxa6 b5 17. Bb3 Rxa6 18. 0-0 Kg7 19. Rac1 Ba3 20. Rb1 Rf6 21. Qc3 Re8 22. Bd1 Bd6 23. Bb3 Bc5 24. Qd3 Rf4 25. Qe2 h5 26. Rbc1 Bb6 27. Kh1 Rd8 28. Nh2 Qd6 29. d3 Rh8 30. Bd5 g5 31. Qd2 Rh6 0-1

[Event "ZH-2012-0-00868"]
[Site "LSS email"]
[Date "2012.09.10"]
[Round "?"]
[White "Lattouf, Sigfrido"]
[Black "Sherwood, Russell"]
[Result "0-1"]
[WhiteElo "1602"]
[BlackElo "2169"]
[PlyCount "116"]
[EventDate "2012.09.05"]
[EventType "match (corr)"]
[EventRounds "2"]
[EventCountry "GER"]
[SourceTitle "Telechess CBM 159"]
[Source "ChessBase"]
[SourceDate "2014.03.17"]
[SourceVersion "1"]
[SourceVersionDate "2014.03.17"]
[SourceQuality "1"]

1. b4 d5 2. Nf3 Nf6 3. e3 e5 4. Nxe5 Bxb4 5. c4 0-0 6. Nd3 Be7 7. cxd5 Nxd5 8. Bb2 Nc6 9. Be2 Bf5 10. 0-0 Re8 11. Nc3 Nxc3 12. dxc3 Bd6 13. c4 Qh4 14. g3 Qxc4 15. Ne5 Qb4 16. Nc4 Be7 17. Ba3 Qc3 18. Bxe7 Rxe7 19. Rc1 Qf6 20. Qb3 b6 21. Rfd1 Rd7 22. Rxd7 Bxd7 23. Qb2 Ne7 24. Qe5 Rc8 25. Rd1 Qxe5 26. Nxe5 Be6 27. Ba6 Ra8 28. Bb7 Re8 29. a4 f6 30. Nc6 Nxc6 31. Bxc6 Rf8 32. Kf1 Kf7 33. a5 Rb8 34. Rc1 Ke7 35. Ke1 b5 36. Bf3 Bc4 37. Be2 Bxe2 38. Kxe2 Kd6 39. Rd1+ Ke6 40. Rc1 Kd6 41. Rd1+ Kc6 42. Rd4 b4 43. Kd1 b3 44. Kc1 Kb5 45. Rd3 Kxa5 46. Kb2 c5 47. Rxb3 Rxb3+ 48. Kxb3 Kb5 49. f3 a5 50. Kc3 c4 51. h3 a4 52. g4 g5 53. f4 a3 54. f5 h6 55. e4 Kc5 56. e5 fxe5 57. f6 Kd6 58. f7 Ke7 0-1

[Event "ZH-2012-0-00860"]
[Site "LSS email"]
[Date "2012.08.27"]
[Round "?"]
[White "Lattouf, Sigfrido"]
[Black "Koehler, Josef"]
[Result "0-1"]
[WhiteElo "1602"]
[BlackElo "2092"]
[PlyCount "118"]
[EventDate "2012.08.22"]
[EventType "match (corr)"]
[EventRounds "2"]
[EventCountry "GER"]
[SourceTitle "Telechess CBM 159"]
[Source "ChessBase"]
[SourceDate "2014.03.17"]
[SourceVersion "1"]
[SourceVersionDate "2014.03.17"]
[SourceQuality "1"]

1. e4 c6 2. d4 d5 3. Nc3 dxe4 4. Nxe4 Bf5 5. Ng3 Bg6 6. h4 a6 7. h5 Bf5 8. Nxf5 Qa5+ 9. Bd2 Qxf5 10. Bd3 Qe6+ 11. Kf1 Qd6 12. Nf3 e6 13. c4 Nf6 14. Qb3 b5 15. a4 bxc4 16. Qb7 cxd3 17. Rh3 Qd5 18. Qxa8 Bd6 19. Qb7 0-0 20. h6 g6 21. Ng5 Nfd7 22. Re1 Qc4 23. Ne4 Be7 24. Rhe3 Re8 25. b3 Qxd4 26. Bc3 Qb6 27. Qxb6 Nxb6 28. Rxd3 Nd5 29. Bg7 f6 30. Rc1 Kf7 31. Rf3 e5 32. g3 Ke6 33. Rd3 Rc8 34. Bxf6 Nxf6 35. Ng5+ Kf5 36. Nf7 e4 37. Nd6+ Bxd6 38. Rxd6 Ke5 39. Rd2 Nbd7 40. b4 Nd5 41. Kg1 Rc7 42. Rdc2 Nxb4 43. Rc4 a5 44. Re1 Nf6 45. Rc5+ Kd4 46. Rec1 Ng4 47. R5c4+ Kd3 48. R1c3+ Kd2 49. Rb3 Re7 50. Rb2+ Kd3 51. Rc1 Nxh6 52. Rc5 Ra7 53. Rb3+ Kd4 54. Rbc3 Ng4 55. R5c4+ Ke5 56. f3 Nf6 57. fxe4 Nd7 58. Ra3 Nb6 59. Rc1 Rc7 0-1

[Event "ZH-2012-0-00857"]
[Site "LSS email"]
[Date "2012.08.24"]
[Round "?"]
[White "Lattouf, Sigfrido"]
[Black "Dehaybe, Andre"]
[Result "0-1"]
[WhiteElo "1602"]
[BlackElo "2171"]
[PlyCount "128"]
[EventDate "2012.08.10"]
[EventType "match (corr)"]
[EventRounds "2"]
[EventCountry "GER"]
[SourceTitle "Telechess CBM 159"]
[Source "ChessBase"]
[SourceDate "2014.03.17"]
[SourceVersion "1"]
[SourceVersionDate "2014.03.17"]
[SourceQuality "1"]

1. d4 Nf6 2. Nf3 d5 3. c4 e6 4. Nc3 h6 5. g3 Nc6 6. Bg2 Bd6 7. 0-0 0-0 8. Be3 dxc4 9. Nd2 e5 10. Nxc4 exd4 11. Bxd4 Nxd4 12. Qxd4 Be7 13. Qf4 g5 14. Qe3 c6 15. Ne4 Be6 16. Rfd1 Qc7 17. Rac1 Nd5 18. Qd3 Rfd8 19. Qb1 Rd7 20. Ncd2 Rad8 21. Nb3 Bf5 22. Qa1 b6 23. e3 Bh7 24. a3 c5 25. Ned2 Nf6 26. Nd4 Ng4 27. h3 Ne5 28. N2f3 Nd3 29. Rc3 Bf6 30. b4 a5 31. bxa5 bxa5 32. Qa2 a4 33. Kh2 Qb6 34. Rcxd3 Bxd3 35. Rxd3 cxd4 36. Nxd4 Qc5 37. Be4 Bxd4 38. exd4 Rxd4 39. Rf3 Qc4 40. Qxc4 Rxc4 41. Bf5 Rb8 42. Bd7 Rb3 43. Re3 Rxe3 44. fxe3 Kf8 45. Kg2 Ke7 46. Bb5 Rc3 47. Bxa4 Rxe3 48. Bb5 Rxa3 49. Bc4 f5 50. Kf2 Kd6 51. Be2 Ke5 52. Bb5 f4 53. gxf4+ gxf4 54. h4 Rh3 55. Ba4 Rxh4 56. Bc6 Rh2+ 57. Kf3 h5 58. Bd7 h4 59. Kg4 h3 60. Kh4 Ke4 61. Bc6+ Ke3 62. Kg4 f3 63. Bxf3 Rg2+ 64. Bxg2 hxg2 0-1

[Event "RA-2012-0-00230"]
[Site "LSS email"]
[Date "2012.08.12"]
[Round "?"]
[White "Nenciulescu, Silviu Catalin"]
[Black "Lattouf, Sigfrido"]
[Result "1/2-1/2"]
[WhiteElo "2112"]
[BlackElo "1703"]
[PlyCount "176"]
[EventDate "2012.07.20"]
[EventType "tourn (corr)"]
[EventRounds "6"]
[EventCountry "GER"]
[SourceTitle "Telechess CBM 165"]
[Source "ChessBase"]
[SourceDate "2015.03.11"]
[SourceVersion "1"]
[SourceVersionDate "2015.03.11"]
[SourceQuality "1"]

1. d4 d5 2. c4 e6 3. Nc3 c6 4. Nf3 Nf6 5. cxd5 exd5 6. Bg5 Bf5 7. e3 Be7 8. Bd3 Bxd3 9. Qxd3 0-0 10. 0-0 Nbd7 11. Rab1 a5 12. a3 Re8 13. Nd2 Bd6 14. h3 h6 15. Bh4 Qc7 16. Bxf6 Nxf6 17. Rbc1 Re6 18. Nb5 Bh2+ 19. Kh1 Qb8 20. Nc3 Bc7 21. Na4 Nd7 22. Qb3 g6 23. Nf3 Bd6 24. Qc2 Re8 25. Rfd1 Nf6 26. Kg1 Ne4 27. Nb6 Ra7 28. Na4 Qc7 29. Rf1 Raa8 30. Nd2 Ng5 31. Qd3 Rad8 32. Nc3 Qe7 33. f4 Nh7 34. Rce1 Bc7 35. Nf3 Nf6 36. Ne5 Kh7 37. Rf3 Kg7 38. Rg3 Rg8 39. Qd1 Rgf8 40. Qc2 h5 41. Qd3 a4 42. Rf1 Rde8 43. Rgf3 h4 44. Qc2 Nh5 45. Ne2 Ra8 46. Rd1 Rfe8 47. Nc3 Ng3 48. Nxa4 Nf5 49. Qb3 Bd6 50. Rc1 f6 51. Ng4 Qf7 52. Nb6 Ra5 53. Na4 Re6 54. Nc3 Qe7 55. Nd1 Ra8 56. Qd3 Re8 57. Rc3 Ng3 58. Rc1 Re4 59. Nc3 Nf5 60. Qd2 Re6 61. Nd1 Rd8 62. Qd3 Kh7 63. Qc2 Re8 64. Qd2 Bc7 65. Qd3 Ba5 66. Rc5 Be1 67. b4 Bg3 68. b5 Ra8 69. Rf1 Kg7 70. Qb3 Rc8 71. a4 Nd6 72. bxc6 bxc6 73. Nc3 Qe8 74. Ne2 Rb8 75. Qd3 Re7 76. Rc2 Ra7 77. Ra1 Rb6 78. Rca2 Ra5 79. Rb1 Qb8 80. Rxb6 Qxb6 81. Ra1 Qb4 82. Qc2 Ra6 83. Nc3 Rb6 84. a5 Ra6 85. Ra4 Qb7 86. Ra1 Qb4 87. Ra4 Qb7 88. Ra1 Qb4 1/2-1/2

[Event "OP-2012-0-02350"]
[Site "LSS email"]
[Date "2012.08.11"]
[Round "?"]
[White "Correa de Almeida, Claudio"]
[Black "Lattouf, Sigfrido"]
[Result "1-0"]
[WhiteElo "1645"]
[BlackElo "1602"]
[PlyCount "89"]
[EventDate "2012.08.08"]
[EventType "tourn (corr)"]
[EventRounds "4"]
[EventCountry "GER"]
[SourceTitle "Telechess CBM 159"]
[Source "ChessBase"]
[SourceDate "2014.03.17"]
[SourceVersion "1"]
[SourceVersionDate "2014.03.17"]
[SourceQuality "1"]

1. c4 e5 2. Nc3 Nc6 3. Nf3 Nf6 4. g3 Bc5 5. Bg2 d6 6. 0-0 a6 7. a3 0-0 8. b4 Ba7 9. d3 h6 10. Bb2 Be6 11. Rc1 Qd7 12. e3 Rfe8 13. Re1 Kh8 14. Ne4 Nxe4 15. dxe4 f6 16. Nh4 a5 17. b5 Ne7 18. f4 Bg4 19. Qd2 Bc5 20. a4 Nc8 21. Bc3 Nb6 22. Bxa5 Nxa4 23. Ra1 Nb6 24. Bxb6 Bxb6 25. f5 c6 26. Bf1 Kh7 27. h3 Bh5 28. Rec1 Qc7 29. bxc6 bxc6 30. Be2 Bf7 31. Ng2 Bc5 32. Ne1 Reb8 33. Nd3 Ba3 34. Rc2 Rb3 35. Qd1 Qb6 36. Kf2 d5 37. c5 Qb7 38. Rd2 Bg8 39. Bf3 Ra4 40. exd5 e4 41. dxc6 Qxc6 42. Bg2 Qb5 43. Bf1 exd3 44. Rxd3 Rb2+ 45. Kg1 1-0

[Event "OP-2012-0-02302"]
[Site "LSS email"]
[Date "2012.07.17"]
[Round "?"]
[White "Pilgram, Kurt"]
[Black "Lattouf, Sigfrido"]
[Result "1/2-1/2"]
[WhiteElo "1731"]
[BlackElo "1703"]
[PlyCount "131"]
[EventDate "2012.07.14"]
[EventType "tourn (corr)"]
[EventRounds "4"]
[EventCountry "GER"]
[SourceTitle "Telechess CBM 163"]
[Source "ChessBase"]
[SourceDate "2014.11.11"]
[SourceVersion "2"]
[SourceVersionDate "2014.11.11"]
[SourceQuality "1"]

1. d4 Nf6 2. c4 g6 3. Nc3 Bg7 4. e4 0-0 5. Nf3 d6 6. Be2 e5 7. 0-0 exd4 8. Nxd4 Re8 9. f3 c6 10. Kh1 Nbd7 11. Bg5 h6 12. Bh4 a6 13. Qc2 Qb6 14. Bf2 c5 15. Nb3 Ne5 16. f4 Nc6 17. Rad1 Qc7 18. Bh4 Rb8 19. Qb1 b6 20. Rd2 Bb7 21. Bf3 Nd4 22. Nxd4 cxd4 23. Nd5 Bxd5 24. cxd5 Rbc8 25. Bf2 Nd7 26. Bg4 b5 27. Bxd4 Bxd4 28. Rxd4 h5 29. Bh3 Qa7 30. Qd1 Rc5 31. Qd2 Qc7 32. Bxd7 Qxd7 33. f5 Kh7 34. g4 hxg4 35. Qg5 Rc2 36. Qxg4 Rh8 37. Qg5 Kg7 38. Rd2 Rh5 39. Qxh5 gxh5 40. Rxc2 Kf6 41. Rf3 Qa7 42. Rd3 Ke5 43. Re2 Qc5 44. a3 Qc1+ 45. Kg2 a5 46. Rdd2 h4 47. Rc2 Qg5+ 48. Kf2 b4 49. axb4 axb4 50. Rc4 f6 51. Rcc2 h3 52. Kf1 Qf4+ 53. Rf2 Qh6 54. Rfe2 Qf4+ 55. Rf2 Qh6 56. Rc4 Qe3 57. Re2 Qd3 58. Rc1 Qf3+ 59. Ke1 Qg4 60. Kd2 Qf4+ 61. Kc2 b3+ 62. Kd1 Qf1+ 63. Kd2 Qf4+ 64. Kd1 Qf1+ 65. Kd2 Qf4+ 66. Kd1 1/2-1/2

[Event "ZI-2012-0-01333"]
[Site "LSS email"]
[Date "2012.06.25"]
[Round "?"]
[White "Edwards, KEDG"]
[Black "Lattouf, Sigfrido"]
[Result "1-0"]
[WhiteElo "2039"]
[BlackElo "1602"]
[PlyCount "109"]
[EventDate "2012.06.20"]
[EventType "match (corr)"]
[EventRounds "2"]
[EventCountry "GER"]
[SourceTitle "Telechess CBM 159"]
[Source "ChessBase"]
[SourceDate "2014.03.17"]
[SourceVersion "1"]
[SourceVersionDate "2014.03.17"]
[SourceQuality "1"]

1. d4 Nf6 2. c4 c6 3. Nf3 d5 4. Nc3 e6 5. Bg5 Bb4 6. Qb3 Be7 7. e3 0-0 8. Bd3 h6 9. Bh4 b6 10. 0-0 Bb7 11. Rac1 dxc4 12. Bxc4 Nbd7 13. Rfd1 Nh5 14. Bxe7 Qxe7 15. h3 Rad8 16. Ne5 Nhf6 17. Qa4 a6 18. Bxa6 b5 19. Qb3 Bxa6 20. Nxc6 Qd6 21. Nxd8 Rxd8 22. Nxb5 Bxb5 23. Qxb5 Rb8 24. Qe2 Nd5 25. e4 Nf4 26. Qf3 g5 27. b3 Ng6 28. Qc3 Qe7 29. g3 Nf6 30. f3 Nh5 31. Kg2 Ra8 32. Rd2 Re8 33. Qc7 Qb4 34. Rcc2 Ng7 35. Qc5 Qb8 36. Rc4 Qd8 37. a4 h5 38. Rc3 h4 39. g4 Nf4+ 40. Kh1 e5 41. d5 Nge6 42. Qc4 Nxh3 43. a5 Nd4 44. b4 Nf4 45. Ra2 Kg7 46. b5 Nfe2 47. Rxe2 Nxe2 48. Qxe2 Qxa5 49. Qb2 Rb8 50. Rc1 f6 51. Rb1 Qb6 52. Qd2 Rc8 53. Kg2 Rc7 54. Qe2 Rb7 55. Rb2 1-0

[Event "RB-2012-0-00180"]
[Site "LSS email"]
[Date "2012.06.02"]
[Round "?"]
[White "Lattouf, Sigfrido"]
[Black "Trokenheim, Marek"]
[Result "1-0"]
[WhiteElo "2020"]
[BlackElo "1782"]
[PlyCount "81"]
[EventDate "2012.04.28"]
[EventType "tourn (corr)"]
[EventRounds "6"]
[EventCountry "GER"]
[SourceTitle "Telechess CBM 153"]
[Source "ChessBase"]
[SourceDate "2013.03.14"]
[SourceVersion "1"]
[SourceVersionDate "2013.03.14"]
[SourceQuality "1"]

1. e4 e5 2. Nf3 Nc6 3. Bb5 a6 4. Ba4 Nf6 5. 0-0 Be7 6. Re1 b5 7. Bb3 0-0 8. c3 d5 9. exd5 Nxd5 10. Nxe5 Nxe5 11. Rxe5 c6 12. d4 Bd6 13. Re1 Qh4 14. g3 Qh3 15. Be3 Bg4 16. Qd3 Rae8 17. Nd2 f5 18. Qf1 Qh5 19. f4 Re6 20. a4 bxa4 21. Bxd5 cxd5 22. Qg2 Rfe8 23. Qxd5 Kh8 24. Bf2 Be2 25. Qg2 a3 26. b4 a5 27. bxa5 Qf7 28. Qd5 Kg8 29. Qa2 Ba6 30. Rxe6 Rxe6 31. Qb1 Rg6 32. Qb3 Bxf4 33. Qxf7+ Kxf7 34. Nb3 Bd6 35. Nc5 Bxc5 36. dxc5 f4 37. Rxa3 Ke6 38. Rb3 Kd7 39. Kg2 fxg3 40. hxg3 Kc7 41. Bd4 1-0

[Event "ZI-2012-0-01313"]
[Site "LSS email"]
[Date "2012.05.30"]
[Round "?"]
[White "Bichik, Aleksandr Mihail"]
[Black "Lattouf, Sigfrido"]
[Result "1/2-1/2"]
[WhiteElo "1828"]
[BlackElo "1703"]
[PlyCount "138"]
[EventDate "2012.05.24"]
[EventType "match (corr)"]
[EventRounds "2"]
[EventCountry "GER"]
[SourceTitle "Telechess CBM 165"]
[Source "ChessBase"]
[SourceDate "2015.03.11"]
[SourceVersion "1"]
[SourceVersionDate "2015.03.11"]
[SourceQuality "1"]

1. d4 Nf6 2. Nf3 d6 3. c4 g6 4. Nc3 Bg7 5. e4 0-0 6. Be2 e5 7. Bg5 h6 8. dxe5 hxg5 9. exf6 Bxf6 10. h3 Na6 11. Qd2 Nc5 12. 0-0 Bxc3 13. Qxc3 Nxe4 14. Qd4 Re8 15. Bd3 Nc5 16. Rae1 Bd7 17. Rxe8+ Bxe8 18. Bc2 Bc6 19. Qc3 Bxf3 20. Qxf3 a5 21. Qc3 a4 22. Re1 Qf8 23. Qe3 Qg7 24. Qxg5 Qxb2 25. Bf5 Qg7 26. Bb1 Qc3 27. Qe7 Qxc4 28. Qxc7 Qd4 29. h4 Qf6 30. Qb6 Kg7 31. h5 gxh5 32. Re3 Rc8 33. Rg3+ Kf8 34. Rf3 Qe7 35. g3 Ne6 36. Qb2 Kg8 37. Bf5 Rc5 38. Bxe6 Qxe6 39. Qxb7 Qxa2 40. Rf4 a3 41. Qa8+ Kg7 42. Qf3 f6 43. Ra4 Qd5 44. Qxd5 Rxd5 45. Rxa3 Kg6 46. Ra8 Kf5 47. Rd8 Ke6 48. Kf1 Ke5 49. Rh8 Ke4 50. Re8+ Re5 51. Rf8 Kf5 52. Rh8 Kg4 53. Rd8 d5 54. Kg2 Kf5 55. Rd6 Ke4 56. f3+ Ke3 57. f4 Rf5 58. Re6+ Kd3 59. Kf3 d4 60. g4 hxg4+ 61. Kxg4 Rd5 62. Rxf6 Ke2 63. f5 d3 64. Rh6 d2 65. Rh1 Rd7 66. f6 Rh7 67. Rg1 Rf7 68. Kg5 Rf8 69. Rg2+ Ke3 1/2-1/2

[Event "ZI-2012-0-01312"]
[Site "LSS email"]
[Date "2012.05.30"]
[Round "?"]
[White "Khan, Valery"]
[Black "Lattouf, Sigfrido"]
[Result "1-0"]
[WhiteElo "2028"]
[BlackElo "2027"]
[PlyCount "101"]
[EventDate "2012.05.23"]
[EventType "match (corr)"]
[EventRounds "2"]
[EventCountry "GER"]
[SourceTitle "Telechess CBM 165"]
[Source "ChessBase"]
[SourceDate "2015.03.11"]
[SourceVersion "1"]
[SourceVersionDate "2015.03.11"]
[SourceQuality "1"]

1. e4 c5 2. Nf3 d6 3. d4 cxd4 4. Qxd4 a6 5. c4 Nc6 6. Qe3 g6 7. Be2 Bg7 8. 0-0 Nf6 9. h3 0-0 10. Nc3 Be6 11. Rb1 Nd7 12. Bd2 Qb6 13. Qg5 h6 14. Qf4 h5 15. Nd5 Bxd5 16. exd5 Nd4 17. Rfe1 Rac8 18. Bf1 Nxf3+ 19. Qxf3 Rfe8 20. Re3 Be5 21. Rb3 Qc7 22. Rb4 Nc5 23. Be3 Bf6 24. Rd1 Rb8 25. Bd2 e5 26. Qxf6 Ne4 27. Qh4 Nxd2 28. Rxd2 Kg7 29. Rd3 a5 30. Rb5 b6 31. Rdb3 Rb7 32. f4 a4 33. Rg3 exf4 34. Qxf4 Kh7 35. Ra3 Ra7 36. Qd4 Ra6 37. b3 Rea8 38. Rxa4 Rxa4 39. bxa4 Rxa4 40. Qxb6 Qe7 41. Qf2 Ra8 42. Rb6 Ra3 43. c5 dxc5 44. d6 Qa7 45. Bc4 Rc3 46. Bd5 Rc2 47. Qf6 Qa4 48. Rb8 Qd4+ 49. Qxd4 Rc1+ 50. Kh2 cxd4 51. d7 1-0

[Event "RB-2012-0-00179"]
[Site "LSS email"]
[Date "2012.05.28"]
[Round "?"]
[White "Le Duigou, Jean Guy"]
[Black "Lattouf, Sigfrido"]
[Result "0-1"]
[WhiteElo "1841"]
[BlackElo "2020"]
[PlyCount "82"]
[EventDate "2012.04.19"]
[EventType "tourn (corr)"]
[EventRounds "6"]
[EventCountry "GER"]
[SourceTitle "Telechess CBM 153"]
[Source "ChessBase"]
[SourceDate "2013.03.14"]
[SourceVersion "1"]
[SourceVersionDate "2013.03.14"]
[SourceQuality "1"]

1. d4 d5 2. Nf3 e6 3. c4 c6 4. e3 Nf6 5. Nc3 Nbd7 6. Bd3 dxc4 7. Bxc4 b5 8. Bd3 b4 9. Ne4 Nxe4 10. Bxe4 Bb7 11. 0-0 Be7 12. a3 a5 13. Bd2 Nf6 14. Bd3 0-0 15. axb4 axb4 16. Qc2 Qb6 17. Rxa8 Rxa8 18. Rc1 Rc8 19. Qd1 c5 20. Be1 g6 21. Be2 Rd8 22. Qc2 cxd4 23. Nxd4 Rc8 24. Qd1 Rxc1 25. Qxc1 e5 26. Nf3 Nd7 27. b3 Kg7 28. Qc4 f6 29. Bd2 Qd6 30. Qc2 f5 31. Ne1 Nf6 32. Nd3 Nd5 33. Bf1 e4 34. Nb2 Qc6 35. Nc4 Bf6 36. Qa2 Qc5 37. Qa5 Qxa5 38. Nxa5 Ba8 39. Ba6 Bc3 40. Bc1 Nf6 41. Bb5 Ng4 0-1

[Event "RB-2012-0-00179"]
[Site "LSS email"]
[Date "2012.05.27"]
[Round "?"]
[White "Lattouf, Sigfrido"]
[Black "Dovganenko, Andrej"]
[Result "1/2-1/2"]
[WhiteElo "2020"]
[BlackElo "1984"]
[PlyCount "139"]
[EventDate "2012.04.19"]
[EventType "tourn (corr)"]
[EventRounds "6"]
[EventCountry "GER"]
[SourceTitle "Telechess CBM 153"]
[Source "ChessBase"]
[SourceDate "2013.03.14"]
[SourceVersion "1"]
[SourceVersionDate "2013.03.14"]
[SourceQuality "1"]

1. Nf3 c5 2. e4 d6 3. d4 cxd4 4. Nxd4 Nf6 5. f3 e5 6. Nb3 Be6 7. c4 Nbd7 8. Be3 Rc8 9. Nc3 Be7 10. Nb5 0-0 11. Nxa7 Rxc4 12. Bxc4 Bxc4 13. Rc1 d5 14. Qd2 Qa8 15. exd5 Bxd5 16. Nb5 Qxa2 17. Nc5 Nxc5 18. Bxc5 Bxc5 19. Rxc5 Bc6 20. Nc3 Qa1+ 21. Nd1 e4 22. Ra5 Qb1 23. 0-0 exf3 24. gxf3 Qg6+ 25. Rg5 Qh6 26. Rg2 Qh5 27. Qd4 Bxf3 28. Rg3 Bxd1 29. Rxf6 g6 30. h4 Bc2 31. Rg5 Qd1+ 32. Qxd1 Bxd1 33. Rb5 Rb8 34. Kf2 Bc2 35. Rb4 Bf5 36. Rfb6 Bc8 37. h5 Kg7 38. R4b5 Ra8 39. Rc5 Be6 40. Rxb7 Kf6 41. Rbb5 Ra2 42. Rc2 Bd7 43. Rb3 Ra1 44. hxg6 hxg6 45. Rf3+ Bf5 46. Rc6+ Ke5 47. Ra3 Rh1 48. Ra5+ Kf4 49. Ra4+ Kg5 50. b4 Be4 51. Rb6 f5 52. b5 Rb1 53. Ke3 Bc2 54. Rc4 f4+ 55. Rxf4 Rb3+ 56. Kd2 Kxf4 57. Kxc2 Rb4 58. Kc3 Rb1 59. Kd4 g5 60. Rf6+ Kg3 61. Kc5 g4 62. b6 Kh3 63. Rh6+ Kg2 64. Rh7 g3 65. b7 Kf2 66. Rf7+ Ke1 67. Rg7 Kf2 68. Rf7+ Ke1 69. Rg7 Kf2 70. Rf7+ 1/2-1/2